<?xml version="1.0" encoding="UTF-8"?>
<collection xmlns="http://www.loc.gov/MARC21/slim">
 <record>
  <leader>05557nam a2200325 a 4500</leader>
  <controlfield tag="001">1/49426</controlfield>
  <controlfield tag="008">200722s2018    gr       b    00110 gre  </controlfield>
  <datafield tag="020" ind1=" " ind2=" ">
   <subfield code="a">9789605245085</subfield>
  </datafield>
  <datafield tag="035" ind1=" " ind2=" ">
   <subfield code="l">52433</subfield>
  </datafield>
  <datafield tag="040" ind1=" " ind2=" ">
   <subfield code="a">GR-PeUP</subfield>
  </datafield>
  <datafield tag="082" ind1="0" ind2="0">
   <subfield code="a">340.1 ΓΕΩ</subfield>
  </datafield>
  <datafield tag="100" ind1="1" ind2=" ">
   <subfield code="a">Γεωργιάδης, Απόστολος Στ.,</subfield>
   <subfield code="d">1935-</subfield>
  </datafield>
  <datafield tag="245" ind1="1" ind2="0">
   <subfield code="a">Τι είναι δίκαιο :</subfield>
   <subfield code="b">η νομική επιστήμη για όλους /</subfield>
   <subfield code="c">Απόστολος Σ. Γεωργιάδης ; πρόλογος Προκοπίου Παυλόπουλου.</subfield>
  </datafield>
  <datafield tag="260" ind1="0" ind2=" ">
   <subfield code="a">Κρήτη :</subfield>
   <subfield code="b">Πανεπιστημιακές Εκδόσεις Κρήτης,</subfield>
   <subfield code="c">2018.</subfield>
  </datafield>
  <datafield tag="300" ind1=" " ind2=" ">
   <subfield code="a">xli, 601 σ. ;</subfield>
   <subfield code="c">23 εκ.</subfield>
  </datafield>
  <datafield tag="500" ind1=" " ind2=" ">
   <subfield code="a">Το ερώτημα «τι είναι δίκαιο;», που περιέχεται στον τίτλο του ανά χείρας βιβλίου, είναι πολύ παλαιό. Απασχολεί τους θεωρητικούς και τους φιλοσόφους του δικαίου από την αρχαιότητα μέχρι σήμερα. Θα μπορούσαμε να πούμε ότι πρόκειται για ένα ερώτημα ανάλογο με εκείνο που απηύθυνε στο Πραιτώριο ο Πόντιος Πιλάτος προς τον Ιησού Χριστό: «Τι εστίν αλήθεια;» Ωστόσο, με το παρόν βιβλίο δεν επιδιώκεται η συνέχιση της αναζήτησης μιας απάντησης, η οποία ίσως και να μην υπάρχει. Ο σκοπός του συγγραφέα εδώ είναι πολύ πιο απλός: Συνίσταται στην προσπάθεια να φέρει το δίκαιο και τη νομική επιστήμη πιο κοντά στον απλό πολίτη· να πάρει το δίκαιο από το επίπεδο της θεωρίας και να το κατεβάσει στην πραγματικότητα της καθημερινής ζωής· να καταστήσει σαφές στον μη ειδικό τι σημαίνουν και πώς εφαρμόζονται οι κανόνες δικαίου κάθε μέρα σε πλήθος ζητημάτων (εμπορικών, οικονομικών, οικογενειακών, κληρονομικών κλπ.) που δημιουργεί η συμβίωση των ανθρώπων σε μια κοινότητα. Παρόλο που το δίκαιο είναι άμεσα και άρρηκτα συνδεδεμένο με την καθημερινή ζωή του ανθρώπου, δεν προσελκύει το ενδιαφέρον και την εμπιστοσύνη του στον ίδιο βαθμό με τις άλλες κοινωνικές και πολιτικές επιστήμες, όπως η ιστορία, η κοινωνιολογία, η φιλολογία, η ιστορία της τέχνης κλπ. Με τη φιλοδοξία να αντιστρέψει αυτή την εικόνα, ο συγγραφέας προσπαθεί όσο μπορεί πιο απλά και με τη χρήση πολλών παραδειγμάτων, να ανοίξει για τον μη νομικό ένα παράθυρο στον «παράδεισο» των νομικών εννοιών· να εξηγήσει τη λειτουργία πολλών θεσμών· να απλουστεύσει κατά το δυνατό νομικές κατασκευές που φαίνονται δυσνόητες· και να καταστήσει σαφές ότι ο νομοθέτης, μπορεί μεν μερικές φορές (ή εποχές) να υπερβάλλει στην παραγωγή νόμων (εξού και η γνωστή μας πολυνομία), αλλά κατά κανόνα δεν αυθαιρετεί! Πίσω από κάθε νομοθετική ρύθμιση κρύβεται η προσπάθεια επίλυσης προβλημάτων της καθημερινής ζωής και διευθέτησης συγκρουόμενων συμφερόντων των μελών της κοινωνίας.</subfield>
  </datafield>
  <datafield tag="504" ind1=" " ind2=" ">
   <subfield code="a">Περιλαμβάνει βιβλιογραφικές παραπομπές.</subfield>
  </datafield>
  <datafield tag="650" ind1=" " ind2="4">
   <subfield code="a">Law</subfield>
   <subfield code="z">Greece.</subfield>
  </datafield>
  <datafield tag="650" ind1=" " ind2="4">
   <subfield code="a">Δίκαιο</subfield>
   <subfield code="z">Ελλάδα.</subfield>
  </datafield>
  <datafield tag="650" ind1=" " ind2="4">
   <subfield code="a">Δίκαιο</subfield>
   <subfield code="x">Φιλοσοφία.</subfield>
  </datafield>
  <datafield tag="650" ind1=" " ind2="4">
   <subfield code="a">Δικαιοσύνη, Απονομή της</subfield>
   <subfield code="z">Ελλάδα.</subfield>
  </datafield>
  <datafield tag="650" ind1=" " ind2="4">
   <subfield code="a">Justice, Administration of</subfield>
   <subfield code="z">Greece.</subfield>
  </datafield>
  <datafield tag="700" ind1="1" ind2=" ">
   <subfield code="a">Παυλόπουλος, Προκόπης Β.,</subfield>
   <subfield code="d">1950-</subfield>
  </datafield>
  <datafield tag="852" ind1=" " ind2=" ">
   <subfield code="a">INST</subfield>
   <subfield code="b">UNIPILB</subfield>
   <subfield code="c">MAIN</subfield>
   <subfield code="e">20200722</subfield>
   <subfield code="h">340.1 ΓΕΩ</subfield>
   <subfield code="p">00183541</subfield>
   <subfield code="q">00183541</subfield>
   <subfield code="t">CLOCOL</subfield>
   <subfield code="y">0</subfield>
   <subfield code="4">2</subfield>
  </datafield>
  <datafield tag="852" ind1=" " ind2=" ">
   <subfield code="a">INST</subfield>
   <subfield code="b">UNIPILB</subfield>
   <subfield code="c">MAIN</subfield>
   <subfield code="e">20200722</subfield>
   <subfield code="h">340.1 ΓΕΩ</subfield>
   <subfield code="p">00183542</subfield>
   <subfield code="q">00183542</subfield>
   <subfield code="t">CLOCOL</subfield>
   <subfield code="y">0</subfield>
   <subfield code="4">1</subfield>
  </datafield>
  <datafield tag="852" ind1=" " ind2=" ">
   <subfield code="a">INST</subfield>
   <subfield code="b">UNIPILB</subfield>
   <subfield code="c">MAIN</subfield>
   <subfield code="e">20200722</subfield>
   <subfield code="h">340.1 ΓΕΩ</subfield>
   <subfield code="p">00183543</subfield>
   <subfield code="q">00183543</subfield>
   <subfield code="t">CLOCOL</subfield>
   <subfield code="y">0</subfield>
   <subfield code="4">3</subfield>
  </datafield>
  <datafield tag="852" ind1=" " ind2=" ">
   <subfield code="a">INST</subfield>
   <subfield code="b">UNIPILB</subfield>
   <subfield code="c">MAIN</subfield>
   <subfield code="e">20210901</subfield>
   <subfield code="h">340.1 ΓΕΩ</subfield>
   <subfield code="p">00183544</subfield>
   <subfield code="q">00183544</subfield>
   <subfield code="t">CLOCOL</subfield>
   <subfield code="y">0</subfield>
   <subfield code="4">5</subfield>
  </datafield>
  <datafield tag="852" ind1=" " ind2=" ">
   <subfield code="a">INST</subfield>
   <subfield code="b">UNIPILB</subfield>
   <subfield code="c">MAIN</subfield>
   <subfield code="e">20200722</subfield>
   <subfield code="h">340.1 ΓΕΩ</subfield>
   <subfield code="p">00183545</subfield>
   <subfield code="q">00183545</subfield>
   <subfield code="t">CLOCOL</subfield>
   <subfield code="y">4</subfield>
   <subfield code="x">20230223</subfield>
   <subfield code="4">4</subfield>
  </datafield>
  <datafield tag="852" ind1=" " ind2=" ">
   <subfield code="a">INST</subfield>
   <subfield code="b">UNIPILB</subfield>
   <subfield code="c">MAIN</subfield>
   <subfield code="e">20200722</subfield>
   <subfield code="h">340.1 ΓΕΩ</subfield>
   <subfield code="p">00183546</subfield>
   <subfield code="q">00183546</subfield>
   <subfield code="t">CLOCOL</subfield>
   <subfield code="y">23</subfield>
   <subfield code="4">6</subfield>
  </datafield>
  <datafield tag="960" ind1=" " ind2=" ">
   <subfield code="a">ΜΑΡΙΑ ΒΕΛ</subfield>
  </datafield>
 </record>
</collection>
